00733naa a2200145 i 45000010005000000030009000050050017000140080039000310400036000701000120001062450181002266550030004077110061004377730089004988637KOSZ 00520180403104018.0180221s2008 pl f |100 0 pol cKOSZ 005aKOSZ 005dKOSZ 005/HR1 aORŁOWSKA, Magdalena.bPolitechnika Koszalińska - Wydział Mechaniczny,cKatedra Techniki Cieplnej i Chłodnictwa aBadanie wpływu pól temperatur na intensywność wymiany ciepła podczas konwekcji swobodnej w przestrzeni częściowo ograniczonej /cMagdalena Szpakowska, Marian Czapp. 0aMateriały konferencyjne.22aZjazd Termodynamikówn(22 ;d2008 ;cWrocław, Polska)0 iW :tXX Jubileuszowy Zjazd Termodynamików. T. 2. - dWrocław, 2008. -gs. 411-416